| 000 | 00814nam a2200277 a 4500 | ||
|---|---|---|---|
| 008 | |||
| 020 | _a0750633662(hbk.) | ||
| 049 | _aMAIN | ||
| 090 |
_aRD520 _bWAT |
||
| 100 | 1 | _aWatkinson, John C. | |
| 245 | 1 | 0 |
_aStell and Maran's head and neck surgery/ _cJohn C Watkinson, Mark N. Gaze and Janet A. Wilson. |
| 250 | _a4th ed. | ||
| 260 |
_aBoston : _bButterworth-Heinemann, _c2000. |
||
| 300 |
_a520 p. : _bill. ; _c28 cm. |
||
| 500 | _aIncludes index. | ||
| 504 | _aIncludes bibliographical references. | ||
| 650 | 0 |
_aHead _xSurgery. |
|
| 650 | 0 |
_aNeck _xSurgery. |
|
| 700 | 1 | _aGaze, Mark N. | |
| 700 | 1 | _aWilson, Janet A. | |
| 907 |
_a.b10354451 _b29-01-15 _c29-01-15 |
||
| 003 | |||
| 005 | 20230120204147.0 | ||
| 040 | _cNUST | ||
| 942 |
_cBOOKS _kRD520 _mWAT |
||
| 999 |
_c118215 _d118215 |
||